Zásoby - ich riadenie a účtovanie vo vybranom podniku bakalárska práca

Saved in:
Bibliographic Details
Main Author: Kandová, Judita
Corporate Author: Podnikovohospodárska fakulta EU so sídlom v Košiciach. Katedra účtovníctva a financií
Other Authors: Hvastová, Jozefína, 1969-
Format: Book
Language:Slovak
Published: Košice 2010
Tags: Add Tag
No Tags, Be the first to tag this record!

MARC

LEADER 00000nbm a2200000 4500
001 0132645
005 20161109111433.2
041 0 |a slo 
044 |a SK 
245 1 0 |a Zásoby - ich riadenie a účtovanie vo vybranom podniku  |b bakalárska práca  |c Judita Kandová ; školiteľ: Jozefína Hvastová 
264 1 |a Košice  |c 2010 
300 |a 60 s. 
100 1 |a Kandová, Judita 
700 1 |a Hvastová, Jozefína, 1969- 
710 2 |a Podnikovohospodárska fakulta EU so sídlom v Košiciach. Katedra účtovníctva a financií